| 000 | 00485nam a2200241Ia 4500 | ||
|---|---|---|---|
| 001 | 067813 | ||
| 003 | YMCAF | ||
| 005 | 20230512160453.0 | ||
| 008 | 100717s9999 ||||||||||||||||| ||und|d | ||
| 020 | _a- | ||
| 024 | _a67813 | ||
| 035 | _a7276 | ||
| 040 |
_aYMCAF _beng _cIN-KoLT |
||
| 041 | _aeng | ||
| 100 | _aTTP, LAHORE | ||
| 245 | 0 | _aDRAWING RULES AND STANDARDS | |
| 250 | _a- | ||
| 260 |
_bLAHORE _c- |
||
| 300 | _a156 | ||
| 653 | _a- | ||
| 653 | _a- | ||
| 942 |
_2ddc _cBK |
||
| 999 |
_c4722 _d4722 |
||